Name every Kaguya-Sama: Love is War Character - Statistics

General Stats
  • This quiz has been taken 300 times
  • The average score is 9 of 14
Answer Stats
Hint Episodes Answer % Correct
Secretary #24 Chika Fujiwara
93%
President #24 Miyuki Shirogane
93%
Vice President #24 Kaguya Shinomiya
92%
Sister of #2 #9 Kei Shirogane
90%
Treasurer #18 Yu Ishigami
89%
Dad of #2&7 #4 Papa Shirogane
84%
Servant of #1 #20 Ai Hayasaka
77%
Sister of #3 #4 Moeha Fujiwara
76%
Auditor #9 Miko Iino
64%
Girlfriend of #9 #9 Nagisa Kashiwagi
40%
President of cheerleading #3 Tsubame Koyasu
24%
Friend of #6 #6 Kobachi Osaragi
22%
Boyfriend of #8 #6 Tsubasa Tanuma
19%
Principle #4 Adolphe Pescarolo
10%
No matching quizzes found
Score Distribution
Percent of People with Each Score
Percentile by Number Answered
Your Score History
You have not taken this quiz